[Event "Abu Dhabi President Cup"]
[Site "Abu Dhabi"]
[Date "2022.12.23"]
[Round "9"]
[White "Salem, Sultan Showain"]
[Black "Abdulla, Musabbeh Alkaabi"]
[Result "0-1"]
[WhiteElo "1004"]
[BlackElo "1207"]
[PlyCount "34"]
[EventDate "2022.12.16"]
[EventType "swiss"]
[EventRounds "9"]
[EventCountry "UAE"]
[SourceTitle "CBM 212 Extra"]
[Source "ChessBase"]
[SourceDate "2023.03.31"]
[SourceVersion "1"]
[SourceVersionDate "2023.03.31"]
[SourceQuality "1"]

1. e4 c6 2. d4 d5 3. f3 e6 4. Be3 dxe4 5. fxe4 Qh4+ 6. g3 Qxe4 7. Qd3 Qxh1 8. Nd2 Qd5 9. b3 Nf6 10. 0-0-0 Ba3+ 11. Kb1 Na6 12. Nc4 Be7 13. Ne2 0-0 14. Nf4 Qd8 15. Bg2 Nd5 16. Be4 Nf6 17. h4 Nb4 0-1

[Event "Abu Dhabi President Cup"]
[Site "Abu Dhabi"]
[Date "2022.12.21"]
[Round "7"]
[White "Abdulla, Musabbeh Alkaabi"]
[Black "Salem, Muhsan Shuaib"]
[Result "0-1"]
[WhiteElo "1207"]
[BlackElo "1383"]
[PlyCount "88"]
[EventDate "2022.12.16"]
[EventType "swiss"]
[EventRounds "9"]
[EventCountry "UAE"]
[SourceTitle "CBM 212 Extra"]
[Source "ChessBase"]
[SourceDate "2023.03.31"]
[SourceVersion "1"]
[SourceVersionDate "2023.03.31"]
[SourceQuality "1"]

1. b3 d5 2. Bb2 Nf6 3. Nf3 Bf5 4. e3 e6 5. Nh4 Bg4 6. Be2 Bxe2 7. Qxe2 Bd6 8. c4 c6 9. 0-0 0-0 10. Nf3 Nbd7 11. Nd4 e5 12. Nf5 Bc7 13. d4 e4 14. Ba3 Re8 15. Nd6 Re6 16. Nxb7 Qb8 17. Nc5 Nxc5 18. dxc5 Bxh2+ 19. Kh1 Be5 20. Bb2 Bxb2 21. Qxb2 Ng4 22. g3 Rh6+ 23. Kg1 Nxe3 24. Re1 Nf5 25. Nc3 Nxg3 26. cxd5 Ne2+ 27. Kf1 Qf4 28. Nxe2 Rh1+ 29. Ng1 Qh2 30. Ke2 Qh5+ 31. Kd2 Qxd5+ 32. Kc2 Qxc5+ 33. Qc3 Qxf2+ 34. Re2 Qb6 35. Rg2 g6 36. Re1 Rd8 37. Nh3 Rd3 38. Qe5 Rhxh3 39. Rxg6+ hxg6 40. Qe8+ Kg7 41. Qe5+ Kh7 42. Qf4 Qc5+ 43. Kb1 Rxb3+ 44. axb3 Rxb3+ 0-1

[Event "Abu Dhabi President Cup"]
[Site "Abu Dhabi"]
[Date "2022.12.18"]
[Round "4"]
[White "Abdulla, Musabbeh Alkaabi"]
[Black "Hazza, Salah Mohammed"]
[Result "1/2-1/2"]
[WhiteElo "1207"]
[BlackElo "1378"]
[PlyCount "66"]
[EventDate "2022.12.16"]
[EventType "swiss"]
[EventRounds "9"]
[EventCountry "UAE"]
[SourceTitle "CBM 212 Extra"]
[Source "ChessBase"]
[SourceDate "2023.03.31"]
[SourceVersion "1"]
[SourceVersionDate "2023.03.31"]
[SourceQuality "1"]

1. b3 e5 2. Bb2 Nc6 3. c4 Nf6 4. e3 g6 5. Nc3 d6 6. Be2 Bg7 7. Nf3 Bf5 8. Nh4 Bd7 9. Nf3 Bf5 10. 0-0 0-0 11. d4 Ne4 12. d5 Ne7 13. Bd3 Nxc3 14. Bxc3 Re8 15. Bxf5 Nxf5 16. Nd2 e4 17. Bxg7 Nxg7 18. f3 Qg5 19. f4 Qh5 20. Qxh5 Nxh5 21. g4 Ng7 22. Nb1 f5 23. g5 a6 24. Nc3 Kf7 25. Kg2 Ke7 26. Ne2 Kd7 27. Rh1 Rg8 28. h4 Nh5 29. Ng3 a5 30. a4 c5 31. Ne2 b6 32. Ng3 Raf8 33. Nxh5 gxh5 1/2-1/2